书目信息 |
| 题名: |
当代水粉画家教学经典范画
|
|
| 作者: | 李尔勉 著 | |
| 分册: | 李尔勉作品 | |
| 出版信息: | 石家庄 花山文艺出版社 2006 |
|
| 页数: | 43页 | |
| 开本: | 29cm | |
| 丛书名: | ||
| 单 册: | ||
| 中图分类: | J225 | |
| 科图分类: | ||
| 主题词: | 水粉画--中国--现代--画册 , 水粉画 , 水粉画--技法(美术) , 技法(美术) , 绘画--中国 | |
| 电子资源: | ||
| ISBN: | 7-80673-738-3 | |
| 000 | 00847nam0 2200277 450 | |
| 001 | 010040034180 | |
| 005 | 20061119162927.95 | |
| 010 | @a7-80673-738-3@dCNY21.00 | |
| 100 | @a20060421d2006 em y0chiy0110 ea | |
| 101 | 0 | @achi |
| 102 | @aCN@b130000 | |
| 105 | @aa z 000yy | |
| 200 | 1 | @a当代水粉画家教学经典范画@9dang dai shui fen hua jia jiao xue jing dian fan hua@i李尔勉作品@f李尔勉著 |
| 210 | @a石家庄@c花山文艺出版社@d2006 | |
| 215 | @a43页@d29cm | |
| 300 | @a水粉艺术 | |
| 330 | @a本书主要内容包括:论水粉风景写生、简述有关色彩变化规律、景、物、情、画及后记。 | |
| 606 | 0 | @a水粉画@y中国@z现代@j画册 |
| 606 | 0 | @a水粉画 |
| 606 | 0 | @a水粉画@x技法(美术) |
| 606 | 0 | @a技法(美术) |
| 606 | 0 | @a绘画@x中国 |
| 690 | @aJ225@v3 | |
| 701 | 0 | @a李尔勉@9li er mian@4著 |
| 801 | 0 | @aCN@bRENTIAN@c20061119 |
| 905 | @a10447@dJ225@e178 | |
| 当代水粉画家教学经典范画.李尔勉作品/李尔勉著.-石家庄:花山文艺出版社,2006 |
| 43页;29cm |
| 水粉艺术 |
| ISBN 7-80673-738-3:CNY21.00 |
| 本书主要内容包括:论水粉风景写生、简述有关色彩变化规律、景、物、情、画及后记。 |
| ● |
| 相关链接 |
|
|
|
|
正题名:当代水粉画家教学经典范画
索取号:J225/178
 
预约/预借
| 序号 | 登录号 | 条形码 | 馆藏地/架位号 | 状态 | 备注 |
| 1 | 0395057 | 203950572 | 第一样本阅览室/ [索取号:J225/178] | 在馆 | |
| 2 | 0395058 | 203950581 | 第一借阅区/ [索取号:J225/178] | 在馆 | |
| 3 | 0395059 | 203950590 | 第一借阅区/ [索取号:J225/178] | 在馆 | |
| 4 | 0395060 | 203950607 | 第一借阅区/ [索取号:J225/178] | 在馆 | |
| 5 | 0395061 | 203950616 | 第一借阅区/ [索取号:J225/178] | 在馆 |